000 00826cam a2200265 a 4500
005 20260322212017.0
008 data
010 _a 2001267010
_z 92006400
020 _a0393320650
020 _a9780393320657
040 _aDLC
_cDLC
_dDLC
050 0 0 _aRC108
_b.D66 2000
082 0 0 _a616/.044/019
_221
096 _aWT 500 D72s 2000
100 1 _aDonoghue, Paul J.
245 1 0 _aSick and tired of feeling sick and tired :
_bliving with invisible chronic illness /
_cPaul J. Donoghue & Mary E. Siegel.
250 _aNew ed.
260 _aNew York :
_bNorton,
_cc2000.
300 _axxii, 284 p. ;
_c22 cm.
504 _aIncludes bibliographical references (p. [241]-256) and index.
650 0 _aChronic diseases
_xPsychological aspects.
650 0 _aPhysician and patient.
700 1 _aSiegel, Mary E.
001 data
999 _c381
_d381